| 000 | 00458 a2200157 4500 | ||
|---|---|---|---|
| 020 | _a0673468046 | ||
| 040 |
_aDLC _bDLC |
||
| 082 | 0 | 0 | _a808.51 |
| 245 | 0 | 0 |
_aPrinciples and types of speech communication _cBruce E. Gronbeck |
| 250 | _a12th ed. | ||
| 260 |
_aNew York : _bHarperCollins College Publishers, _cc1994. |
||
| 300 |
_axix, 556 p. : _bcol. ill. ; _c24 cm. |
||
| 650 | 0 | _aPublic speaking. | |
| 700 | 1 | _aGronbeck, Bruce E. | |
| 942 |
_cBK _k808.51 GRO _2ddc |
||
| 999 |
_c10526 _d10526 |
||